[Event "34. Kieler Open 2022"]
[Site "Kiel"]
[Date "2022.07.30"]
[Round "1.1"]
[White "Legky, Nikolay A"]
[Black "Suhr, Michael"]
[Result "1-0"]
[WhiteElo "2374"]
[BlackElo "1672"]
[PlyCount "79"]
[EventDate "2022.??.??"]

1. d4 Nf6 2. c4 e6 3. Nc3 d5 4. Nf3 Bb4 5. cxd5 Nxd5 6. Qc2 O-O 7. e4 Ne7 8. a3
Bxc3+ 9. bxc3 Ng6 10. h4 h5 11. Bd3 e5 12. Nxe5 Nxe5 13. dxe5 Nc6 14. f4 Bg4
15. Be2 Qd7 16. Be3 Rad8 17. Bxg4 Qxg4 18. Qe2 Qg3+ 19. Qf2 Qxf2+ 20. Kxf2 Rd3
21. Rac1 Rfd8 22. Ke2 b6 23. Rhd1 Rxd1 24. Rxd1 Rxd1 25. Kxd1 Na5 26. Ke2 Nc4
27. Bc1 b5 28. Kd3 c5 29. Ke2 Kf8 30. Be3 Nxe3 31. Kxe3 Ke7 32. c4 b4 33. axb4
cxb4 34. c5 b3 35. Kd3 a5 36. Kc3 a4 37. f5 Kd7 38. f6 gxf6 39. exf6 Ke6 40. c6
1-0

[Event "34. Kieler Open 2022"]
[Site "Kiel"]
[Date "2022.07.30"]
[Round "1.2"]
[White "Cordts, Elof"]
[Black "Rudolph, Johannes"]
[Result "0-1"]
[WhiteElo "1662"]
[BlackElo "2363"]
[PlyCount "36"]
[EventDate "2022.??.??"]

1. e4 Nf6 2. e5 Nd5 3. d4 d6 4. Nf3 g6 5. Bc4 Nb6 6. Bb3 Bg7 7. O-O O-O 8. Re1
Nc6 9. Bf4 Bg4 10. c3 dxe5 11. dxe5 Qxd1 12. Bxd1 Nc4 13. Nd4 Bxd1 14. Rxd1
Nxb2 15. Rd2 Na4 16. Na3 Nxc3 17. Nac2 Rfd8 18. Rd3 Ne2+ 0-1

[Event "34. Kieler Open 2022"]
[Site "Kiel"]
[Date "2022.07.30"]
[Round "1.3"]
[White "Arndt, Magnus"]
[Black "Braun, Julian"]
[Result "1-0"]
[WhiteElo "2359"]
[BlackElo "1656"]
[PlyCount "83"]
[EventDate "2022.??.??"]

1. e4 e5 2. Ne2 Nf6 3. Nbc3 Nc6 4. g3 Bc5 5. Bg2 O-O 6. O-O a6 7. d3 h6 8. h3
d6 9. Kh2 b5 10. f4 Bb7 11. a3 Qd7 12. fxe5 dxe5 13. Ng1 Rad8 14. Bxh6 Qe6 15.
Bg5 Be7 16. Bxf6 Bxf6 17. Nd5 Bg5 18. Nxc7 Qh6 19. Nd5 Ne7 20. Nxe7+ Bxe7 21.
Qe2 Bc8 22. Rad1 Bc5 23. Rde1 Rd6 24. Nf3 Re8 25. Nh4 Qh7 26. Rf3 Rh6 27. Ref1
f6 28. Nf5 Rh5 29. b4 Bb6 30. g4 Rg5 31. Nd6 Rd8 32. Nxc8 Rxc8 33. Rf5 Rg6 34.
c4 bxc4 35. dxc4 Bd4 36. c5 a5 37. Qc4+ Kf8 38. Qe6 Re8 39. Qd6+ Kf7 40. c6
Rxg4 41. Rxf6+ gxf6 42. Qd7+ 1-0

[Event "34. Kieler Open 2022"]
[Site "Kiel"]
[Date "2022.07.30"]
[Round "1.4"]
[White "Kathage, Holger"]
[Black "Farokhi, Keyvan"]
[Result "0-1"]
[WhiteElo "1655"]
[BlackElo "2332"]
[PlyCount "36"]
[EventDate "2022.??.??"]

1. d4 d5 2. Nf3 Nf6 3. e3 c6 4. Bd3 Bg4 5. Nbd2 Nbd7 6. h3 Bh5 7. g4 Bg6 8. Qe2
e6 9. c3 Bd6 10. e4 dxe4 11. Nxe4 Nxe4 12. Bxe4 Nf6 13. Bxg6 hxg6 14. Bg5 Qa5
15. Ne5 Bxe5 16. Qxe5 Qxe5+ 17. dxe5 Nxg4 18. O-O-O Nxf2 0-1

[Event "34. Kieler Open 2022"]
[Site "Kiel"]
[Date "2022.07.30"]
[Round "1.5"]
[White "Browning, Alex"]
[Black "Vollbehr, Bjarne"]
[Result "1-0"]
[WhiteElo "2294"]
[BlackElo "1654"]
[PlyCount "73"]
[EventDate "2022.??.??"]

1. e4 e5 2. Nf3 Nc6 3. Bb5 Nf6 4. O-O Nxe4 5. Re1 Nd6 6. Nxe5 Nxe5 7. Rxe5+ Be7
8. Bd3 O-O 9. Nc3 Bf6 10. Re3 Re8 11. Nd5 b6 12. Qh5 g6 13. Rxe8+ Nxe8 14. Qf3
c6 15. Nxf6+ Qxf6 16. Qxf6 Nxf6 17. b3 d5 18. Bb2 Ne8 19. Re1 Be6 20. f3 a5 21.
a4 Kf8 22. h4 h5 23. Bxg6 Nd6 24. Bxh5 Ke7 25. Bg4 f5 26. Bh3 Rg8 27. Kf2 Kd7
28. d3 c5 29. Be5 Nf7 30. Bf4 Rh8 31. g3 Nd8 32. c4 d4 33. Rh1 Nc6 34. Bf1 Ne7
35. Be2 Ng6 36. Bg5 Ne5 37. Bf6 1-0

[Event "34. Kieler Open 2022"]
[Site "Kiel"]
[Date "2022.07.30"]
[Round "1.6"]
[White "Zielke, Bernd"]
[Black "Popvasilev, Kaloyan"]
[Result "0-1"]
[WhiteElo "1648"]
[BlackElo "2208"]
[PlyCount "62"]
[EventDate "2022.??.??"]

1. Nf3 g6 2. d4 Bg7 3. c3 d6 4. e4 Nf6 5. Qc2 O-O 6. Be2 c5 7. O-O cxd4 8. Nxd4
Nc6 9. Be3 Bd7 10. f3 Rc8 11. Qd2 Re8 12. Na3 Ne5 13. Kh1 b6 14. b3 d5 15. f4
Nxe4 16. Qe1 Nc6 17. Rc1 Nxd4 18. cxd4 Rxc1 19. Qxc1 Qc8 20. Bd3 Nd6 21. Qd2
Qb7 22. Rc1 Rc8 23. g3 Nf5 24. Bxf5 Bxf5 25. Kg1 Rxc1+ 26. Qxc1 Qa6 27. Kf2 Bg4
28. Qb2 Bh3 29. Qc1 Qd3 30. Nc2 Qe4 31. Ne1 Qh1 0-1

[Event "34. Kieler Open 2022"]
[Site "Kiel"]
[Date "2022.07.30"]
[Round "1.7"]
[White "Weihrauch, Jakob"]
[Black "Saar, Christian"]
[Result "1-0"]
[WhiteElo "2183"]
[BlackElo "1648"]
[PlyCount "97"]
[EventDate "2022.??.??"]

1. e4 c5 2. Nf3 Nc6 3. d4 cxd4 4. Nxd4 g6 5. c4 Bg7 6. Be3 Nf6 7. Nc3 Ng4 8.
Qxg4 Nxd4 9. Qd1 Ne6 10. Qd2 O-O 11. Bd3 d6 12. O-O Nc5 13. Bc2 a5 14. Rfd1 Be6
15. Bd4 Rc8 16. b3 f5 17. Bxg7 Kxg7 18. Qd4+ Kg8 19. Nd5 fxe4 20. Bxe4 Nxe4 21.
Qxe4 Bxd5 22. Qxd5+ Rf7 23. Qxb7 Qc7 24. Qe4 Qc5 25. Rd2 Rcf8 26. Rf1 Qb4 27.
Rd5 a4 28. f3 Qb6+ 29. Kh1 Qb7 30. Qd3 Rf5 31. Rb5 Qa8 32. Rxf5 Rxf5 33. Re1
axb3 34. axb3 Re5 35. Qc3 Rxe1+ 36. Qxe1 Qa2 37. Qd1 Kf7 38. h3 Qb2 39. f4 Kf6
40. Qf3 h6 41. Qe3 h5 42. Kh2 h4 43. Qf3 Kg7 44. Qe4 Kf6 45. f5 gxf5 46. Qxh4+
Ke6 47. Qg3 f4 48. Qg4+ Ke5 49. Qg7+ 1-0

[Event "34. Kieler Open 2022"]
[Site "Kiel"]
[Date "2022.07.30"]
[Round "1.8"]
[White "Weihrauch, Sebastian"]
[Black "Doll, Alexander"]
[Result "0-1"]
[WhiteElo "1643"]
[BlackElo "2180"]
[PlyCount "48"]
[EventDate "2022.??.??"]

1. e4 e5 2. Nf3 Nc6 3. Bc4 Bc5 4. c3 Nf6 5. d4 exd4 6. e5 d5 7. Bb5 Ne4 8. cxd4
Bb6 9. O-O O-O 10. Be3 Bg4 11. Nc3 f6 12. exf6 Nxc3 13. bxc3 Qxf6 14. Be2 Rae8
15. h3 Bxf3 16. Bxf3 Ne7 17. Qb3 c6 18. Bd2 Nf5 19. a4 Qd6 20. g3 Nxg3 21. fxg3
Qxg3+ 22. Bg2 Bc7 23. Bf4 Rxf4 24. Qxb7 Rxf1+ 0-1

[Event "34. Kieler Open 2022"]
[Site "Kiel"]
[Date "2022.07.30"]
[Round "1.9"]
[White "Kardoeus, David"]
[Black "Wartenberg, Alissa"]
[Result "1-0"]
[WhiteElo "2174"]
[BlackElo "1632"]
[PlyCount "111"]
[EventDate "2022.??.??"]

1. e4 c5 2. Nf3 e6 3. d4 cxd4 4. Nxd4 Nf6 5. Nc3 Nc6 6. Ndb5 Bc5 7. Bf4 e5 8.
Bg5 d6 9. Qf3 a6 10. Na3 Nd4 11. Qd3 Bxa3 12. bxa3 O-O 13. Nd5 Qa5+ 14. Bd2
Qxa3 15. Nxf6+ gxf6 16. c3 Ne6 17. Bh6 Rd8 18. Qg3+ Kh8 19. Qf3 Nf4 20. Bxf4
exf4 21. Bc4 Bg4 22. Qd3 Rac8 23. O-O b5 24. Bb3 Qc5 25. Qd2 Qg5 26. Bxf7 Bf3
27. g3 Rc7 28. Bb3 Rg7 29. Qd3 Qh5 30. Bd1 Bxd1 31. Rfxd1 Rg6 32. Qd5 Qh6 33.
Qe6 f5 34. Qxf5 Rf8 35. Qd5 f3 36. Qd4+ Rff6 37. Kf1 Qxh2 38. Ke1 Kg7 39. Kd2
Qh5 40. Kc2 Rg5 41. Rh1 Qg6 42. Rh4 Qf7 43. Kb2 h6 44. Rah1 Kh7 45. Qe3 Rgg6
46. Rf4 Rxf4 47. gxf4 Rf6 48. f5 Qf8 49. Qa7+ Qf7 50. Qe3 Qf8 51. Rd1 Qb8 52.
Qxf3 a5 53. e5 dxe5 54. Rd7+ Kh8 55. Qd5 Rf8 56. Qe6 1-0

[Event "34. Kieler Open 2022"]
[Site "Kiel"]
[Date "2022.07.30"]
[Round "1.10"]
[White "Wartenberg, Alexander"]
[Black "Boehme, Sebastian"]
[Result "0-1"]
[WhiteElo "1623"]
[BlackElo "2168"]
[PlyCount "72"]
[EventDate "2022.??.??"]

1. e4 c6 2. Nf3 d5 3. Nc3 dxe4 4. Nxe4 Nf6 5. Qe2 Nxe4 6. Qxe4 Nd7 7. Bc4 Nf6
8. Ne5 e6 9. Qe2 b5 10. Nxc6 Qc7 11. Bxb5 a6 12. Ba4 Bd7 13. Qc4 Rc8 14. Qxa6
Bxc6 15. Bxc6+ Qxc6 16. Qxc6+ Rxc6 17. c3 Bd6 18. b4 Kd7 19. O-O Ng4 20. h3 Ne5
21. a4 Nd3 22. g3 h5 23. Ba3 Rc4 24. Kg2 h4 25. a5 Ra8 26. Kf3 e5 27. Ke3 e4
28. f3 hxg3 29. fxe4 Nf2 30. Bb2 Rxe4+ 31. Kf3 Rae8 32. a6 Nxh3 33. b5 Ng5+ 34.
Kg2 Re2+ 35. Kg1 Nh3+ 36. Kh1 Rh2# 0-1

[Event "34. Kieler Open 2022"]
[Site "Kiel"]
[Date "2022.07.30"]
[Round "1.11"]
[White "Ghadimi, Mohammed Reza"]
[Black "Dittmar, Markus"]
[Result "1-0"]
[WhiteElo "2147"]
[BlackElo "1615"]
[PlyCount "85"]
[EventDate "2022.??.??"]

1. c4 Nf6 2. Nc3 g6 3. e4 d6 4. d4 Bg7 5. f4 O-O 6. Nf3 c5 7. d5 e6 8. Bd3 exd5
9. cxd5 a6 10. a4 Bg4 11. O-O Re8 12. Qb3 Qc7 13. Nd2 Bc8 14. Nc4 Nbd7 15. h3
Rb8 16. Re1 Nh5 17. g4 Bxc3 18. Qxc3 Ng7 19. b3 b5 20. Bb2 f6 21. Ne3 Rf8 22.
Re2 b4 23. Qc2 a5 24. Rg2 Rf7 25. Rf1 Qa7 26. Nc4 Ba6 27. Kh1 Bxc4 28. Bxc4 Re8
29. h4 Kh8 30. g5 Kg8 31. gxf6 Nxf6 32. e5 Nfh5 33. f5 Kf8 34. f6 Nf5 35. Rxf5
gxf5 36. e6 Rxf6 37. Bxf6 Nxf6 38. Qxf5 Qe7 39. Rf2 Kg7 40. Qg5+ Kh8 41. Qxf6+
Qxf6 42. Rxf6 Re7 43. Rf8+ 1-0

[Event "34. Kieler Open 2022"]
[Site "Kiel"]
[Date "2022.07.30"]
[Round "1.12"]
[White "Riechenberg, Sebastian"]
[Black "Doll, Stefan"]
[Result "0-1"]
[WhiteElo "1606"]
[BlackElo "2134"]
[PlyCount "38"]
[EventDate "2022.??.??"]

1. e4 Nc6 2. Nf3 Nf6 3. Nc3 d5 4. exd5 Nxd5 5. Bb5 Bg4 6. O-O Nxc3 7. bxc3 Qd5
8. Be2 e5 9. Re1 Bd6 10. Rb1 O-O-O 11. c4 {(=)} Qa5 12. Rb5 Qa4 13. d3 h5 14.
Be3 Bb4 15. Nxe5 Nxe5 16. Rxe5 Bxe1 17. Qxe1 Qxc2 18. Bxg4+ hxg4 19. d4 Rhe8
0-1

[Event "34. Kieler Open 2022"]
[Site "Kiel"]
[Date "2022.07.30"]
[Round "1.13"]
[White "Horn, Peter"]
[Black "Giede, Anna-Blume"]
[Result "1/2-1/2"]
[WhiteElo "2132"]
[BlackElo "1597"]
[PlyCount "50"]
[EventDate "2022.??.??"]

1. c4 c6 2. g3 d5 3. Nf3 Nf6 4. Bg2 Bf5 5. cxd5 cxd5 6. Qb3 Qd7 7. Nc3 Nc6 8.
d3 e6 9. O-O Be7 10. Bf4 O-O 11. Ne5 Nxe5 12. Bxe5 Bd6 13. Bxd6 Qxd6 14. e4
dxe4 15. dxe4 Bg4 16. h3 Bh5 17. f4 Qc5+ 18. Kh2 Rfd8 19. g4 Bxg4 20. hxg4
Nxg4+ 21. Kg3 Rd3+ 22. Bf3 Qh5 23. Qc2 Qg6 24. Kh3 Qh5+ 25. Kg3 Qg6 1/2-1/2

[Event "34. Kieler Open 2022"]
[Site "Kiel"]
[Date "2022.07.30"]
[Round "1.14"]
[White "Peglau, Paul David"]
[Black "Rieper, Julian"]
[Result "0-1"]
[WhiteElo "1569"]
[BlackElo "2132"]
[PlyCount "70"]
[EventDate "2022.??.??"]

1. Nf3 d5 2. d4 Nf6 3. Bf4 e6 4. e3 Be7 5. c4 c6 6. Nc3 Nbd7 7. Be2 dxc4 8.
Bxc4 b5 9. Bd3 a6 10. O-O Bb7 11. Rc1 O-O 12. Ne4 Nxe4 13. Bxe4 Rc8 14. Ne5
Nxe5 15. Bxe5 g6 16. Qf3 f6 17. Bf4 Qd7 18. Qg3 g5 19. h4 h6 20. hxg5 hxg5 21.
Qh3 Rf7 22. Bh2 f5 23. Qh6 Bf8 24. Qxg5+ Rg7 25. Qh4 fxe4 26. Be5 Rh7 27. Qxe4
c5 28. Qg6+ Bg7 29. dxc5 Kh8 30. Bxg7+ Rxg7 31. Qh6+ Kg8 32. f3 Rc6 33. Rfd1
Qe7 34. Qh5 Rg5 35. Qh4 Rxg2+ 0-1

[Event "34. Kieler Open 2022"]
[Site "Kiel"]
[Date "2022.07.30"]
[Round "1.16"]
[White "Herrmann, Arthur"]
[Black "Callsen, Niklas"]
[Result "0-1"]
[WhiteElo "1563"]
[BlackElo "2107"]
[PlyCount "88"]
[EventDate "2022.??.??"]

1. e4 c5 2. Nf3 d6 3. d4 cxd4 4. Nxd4 Nf6 5. f3 e5 6. Bb5+ Nbd7 7. Nf5 a6 8.
Ba4 b5 9. Bb3 Nc5 10. Bg5 Nxb3 11. axb3 d5 12. Bxf6 gxf6 13. Nc3 d4 14. Ne2 Rg8
15. O-O Be6 16. Qd3 Qd7 17. Neg3 Qc6 18. Rf2 O-O-O 19. Rd2 Bb4 20. Rdd1 Kb7 21.
Qe2 Rd7 22. Rd3 Rc8 23. Rc1 Bf8 24. Qd2 Qc5 25. Kh1 Qb4 26. Qxb4 Bxb4 27. Nh5
Rdc7 28. c3 Bxb3 29. Nxf6 dxc3 30. bxc3 Ba3 31. Ra1 Rxc3 32. Rd7+ Kb6 33. h4
Rc1+ 34. Rxc1 Rxc1+ 35. Kh2 Be6 36. Rd2 b4 37. Ne3 b3 38. Nd1 Rc2 39. Rd3 b2
40. Nxb2 Bxb2 41. Nxh7 Bc1 42. h5 Bf4+ 43. Kg1 Rc1+ 44. Kf2 Bc4 0-1

[Event "34. Kieler Open 2022"]
[Site "Kiel"]
[Date "2022.07.30"]
[Round "1.17"]
[White "Wunder, Niklas"]
[Black "Korte, Andreas"]
[Result "1-0"]
[WhiteElo "2079"]
[BlackElo "1560"]
[PlyCount "101"]
[EventDate "2022.??.??"]

1. e4 c5 2. Nf3 d6 3. Bb5+ Bd7 4. Bxd7+ Qxd7 5. c4 Qg4 6. O-O Qxe4 7. d4 cxd4
8. Re1 Qg4 9. h3 Qd7 10. Nxd4 Nc6 11. Nc3 Nxd4 12. Qxd4 e5 13. f4 f6 14. Qf2
Ne7 15. fxe5 dxe5 16. Be3 Nc6 17. Nd5 Nb4 18. Red1 Nxd5 19. Rxd5 Qc7 20. b3 Ba3
21. Bxa7 O-O 22. Bb6 Qc6 23. Rad1 Ra6 24. Be3 Raa8 25. Qd2 Rfe8 26. c5 Qb5 27.
Rd7 Bxc5 28. Qd5+ Kh8 29. Qxc5 Qe2 30. R7d2 Qa6 31. Qb6 Qa3 32. Bc5 Qa6 33.
Qxa6 bxa6 34. Bb6 Rac8 35. Rd8 g6 36. Rxc8 Rxc8 37. Rd8+ Rxd8 38. Bxd8 Kg7 39.
Kf2 Kf7 40. Ke3 Ke6 41. Kd3 f5 42. Kc4 Kd6 43. a4 e4 44. Kd4 h6 45. h4 h5 46.
b4 Kc6 47. Bg5 Kd6 48. Bf4+ Kc6 49. Ke5 Kd7 50. Kf6 Kc6 51. Kxg6 1-0

[Event "34. Kieler Open 2022"]
[Site "Kiel"]
[Date "2022.07.30"]
[Round "1.18"]
[White "Lehrer, Manuel"]
[Black "Basener, Winfried"]
[Result "0-1"]
[WhiteElo "1551"]
[BlackElo "2078"]
[PlyCount "90"]
[EventDate "2022.??.??"]

1. e4 e6 2. d4 d5 3. Nc3 Bb4 4. e5 c5 5. a3 Bxc3+ 6. bxc3 Qa5 7. Bd2 Qa4 8. Qb1
c4 9. h4 Nc6 10. h5 h6 11. Ne2 Bd7 12. Rh4 O-O-O 13. Rg4 Rh7 14. Nf4 Nge7 15.
Be2 Nf5 16. Qb3 Nce7 17. Qb4 b6 18. Bf3 Kc7 19. Kf1 Qxc2 20. Be1 a5 21. Qb1
Qxb1 22. Rxb1 Ba4 23. Ne2 Rhh8 24. Bd2 Rdg8 25. Nf4 Kc6 26. Ke2 Bc2 27. Rb2 Bb3
28. Rb1 Kd7 29. g3 Ra8 30. Ng2 b5 31. Rf4 g5 32. hxg6 fxg6 33. Bg4 g5 34. Rf3
Raf8 35. Ne3 h5 36. Bxf5 exf5 37. Ng2 f4 38. Rh1 Bc2 39. gxf4 g4 40. e6+ Kxe6
41. Re3+ Be4 42. Nh4 Kf6 43. Rg1 Nf5 44. Nxf5 Kxf5 45. Reg3 Bf3+ 0-1

[Event "34. Kieler Open 2022"]
[Site "Kiel"]
[Date "2022.07.30"]
[Round "1.19"]
[White "Schmitz, Andreas Arnold"]
[Black "Storm, Max"]
[Result "1-0"]
[WhiteElo "2070"]
[BlackElo "1550"]
[PlyCount "125"]
[EventDate "2022.??.??"]

1. e4 e6 2. d4 d5 3. Nc3 dxe4 4. Nxe4 Nd7 5. Nf3 Ngf6 6. Bd3 Nxe4 7. Bxe4 Nf6
8. Bd3 Bd6 9. O-O O-O 10. Bg5 h6 11. Bh4 Be7 12. c3 b6 13. Bxf6 Bxf6 14. Be4
Rb8 15. Ne5 Bb7 16. Bxb7 Rxb7 17. Qf3 Qd5 18. Qxd5 exd5 19. Nd7 Re8 20. Nxf6+
gxf6 21. Rfe1 Re6 22. f4 c5 23. f5 Rxe1+ 24. Rxe1 cxd4 25. cxd4 Rc7 26. Kf2 Rc4
27. Ke3 Rc7 28. Kd2 Rc4 29. Kd3 Rc7 30. b3 Kf8 31. Kd2 Rc6 32. Re3 Rc7 33. Rc3
Rd7 34. Rc8+ Kg7 35. a4 h5 36. Re8 h4 37. Ke3 Kh6 38. Kf4 Rc7 39. Rh8+ Kg7 40.
Rxh4 Rc3 41. Rg4+ Kh6 42. Rg3 Rc1 43. Rh3+ Kg7 44. Rd3 Re1 45. g4 Kh6 46. Kg3
Rg1+ 47. Kh4 Rg2 48. h3 Rg1 49. Rc3 Rd1 50. Rc7 Kg7 51. Rxa7 Rxd4 52. Rd7 Rb4
53. Rxd5 Rxb3 54. Rb5 Ra3 55. Rb4 Ra2 56. Kg3 Ra3+ 57. Kf4 Rxh3 58. Ke4 Rg3 59.
Kd5 Kh6 60. Kc6 Kg5 61. Kxb6 Rxg4 62. Rxg4+ Kxg4 63. a5 1-0

[Event "34. Kieler Open 2022"]
[Site "Kiel"]
[Date "2022.07.30"]
[Round "1.20"]
[White "Wirtjes, Edzard"]
[Black "Dittmann, Hans-Adolf"]
[Result "0-1"]
[WhiteElo "1541"]
[BlackElo "2063"]
[PlyCount "102"]
[EventDate "2022.??.??"]

1. c4 Nf6 2. Nc3 e5 3. d3 Bb4 4. Bd2 O-O 5. g3 Re8 6. Bg2 c6 7. e4 a5 8. Nge2
Na6 9. O-O Nc7 10. a3 Bf8 11. Be3 Ne6 12. d4 Ng4 13. d5 Nxe3 14. fxe3 Nc5 15.
b4 axb4 16. axb4 Rxa1 17. Qxa1 Na6 18. c5 Nxb4 19. d6 b6 20. Qd1 bxc5 21. Qb3
Bxd6 22. Qxf7+ Kh8 23. Bh3 Rf8 24. Qh5 Rxf1+ 25. Kxf1 Qf6+ 26. Kg2 g6 27. Qf3
Kg7 28. Na4 Na2 29. Qxf6+ Kxf6 30. Nb6 Ba6 31. Kf2 Ke7 32. Ng1 c4 33. Bf1 Nc3
34. Kf3 Bc7 35. Bxc4 Bxc4 36. Nxc4 Nxe4 37. Nxe5 Ng5+ 38. Kg4 Bxe5 39. Kxg5 c5
40. Kh6 c4 41. Ne2 c3 42. h3 c2 43. g4 Bb2 44. Kxh7 Kf7 45. e4 c1=Q 46. Nxc1
Bxc1 47. h4 g5 48. h5 Kf6 49. h6 Ke5 50. Kg6 Kf4 51. e5 Bb2 0-1

[Event "34. Kieler Open 2022"]
[Site "Kiel"]
[Date "2022.07.30"]
[Round "1.21"]
[White "Petrashov, Alexander"]
[Black "Wartenberg, Julian"]
[Result "1-0"]
[WhiteElo "2029"]
[BlackElo "1540"]
[PlyCount "35"]
[EventDate "2022.??.??"]

1. d4 Nf6 2. Nf3 d5 3. c4 e6 4. Nc3 c5 5. Bf4 Nbd7 6. Nb5 Qa5+ 7. b4 Qxb4+ 8.
Bd2 Qb2 9. Bc3 Qxa1 10. Qxa1 Kd8 11. Ng5 Ke7 12. dxc5 Nxc5 13. Bb4 b6 14. Qe5
Ne8 15. cxd5 Bd7 16. Bxc5+ bxc5 17. d6+ Kd8 18. Nxf7+ 1-0

[Event "34. Kieler Open 2022"]
[Site "Kiel"]
[Date "2022.07.30"]
[Round "1.22"]
[White "Dawidzinski, Jan"]
[Black "Schalla, Dieter"]
[Result "1-0"]
[WhiteElo "1539"]
[BlackElo "2023"]
[PlyCount "45"]
[EventDate "2022.??.??"]

1. d4 Nf6 2. c4 d6 3. Nc3 g6 4. e4 Bg7 5. Be2 O-O 6. Bg5 c5 7. d5 a6 8. Qd2 Qa5
9. h4 h5 10. f3 Bd7 11. Nh3 b5 12. Nf2 b4 13. Ncd1 Qb6 14. g4 hxg4 15. fxg4 e6
16. h5 gxh5 17. gxh5 Nh7 18. Bh6 f6 19. Bxg7 Kxg7 20. Rg1+ Kh8 21. Qh6 Rg8 22.
Rxg8+ Kxg8 23. Qg6+ 1-0

[Event "34. Kieler Open 2022"]
[Site "Kiel"]
[Date "2022.07.30"]
[Round "1.23"]
[White "Link, Oliver"]
[Black "Klaeke, Gregor"]
[Result "1-0"]
[WhiteElo "2022"]
[BlackElo "1534"]
[Annotator "HJ"]
[PlyCount "25"]
[EventDate "2022.??.??"]

1. e4 e5 2. d4 exd4 3. Nf3 c5 4. c3 dxc3 5. Nxc3 d6 6. Bc4 Bg4 7. Qb3 (7. Bxf7+
Kxf7 8. Ne5+ Ke8 9. Qxg4 (9. Nxg4) 9... dxe5 10. Qh5+) 7... Qd7 8. Ng5 Bh5 9.
O-O h6 10. Nh3 Nf6 11. Nf4 g5 12. Ncd5 Nxd5 13. Nxh5 1-0

[Event "34. Kieler Open 2022"]
[Site "Kiel"]
[Date "2022.07.30"]
[Round "1.24"]
[White "Lehmann, Simon"]
[Black "Annegarn, Alexander"]
[Result "0-1"]
[WhiteElo "1531"]
[BlackElo "2000"]
[PlyCount "78"]
[EventDate "2022.??.??"]

1. c4 Nf6 2. Nf3 g6 3. Nc3 Bg7 4. d4 d5 5. e3 Bg4 6. Qb3 Nbd7 7. cxd5 O-O 8.
Qxb7 Nb6 9. Ne5 Bc8 10. Qc6 Nfd7 11. Nc4 Nb8 12. Qc5 Bb7 13. Qb4 Bxd5 14. Nxb6
axb6 15. Nxd5 Qxd5 16. Qc4 Qe4 17. Rg1 c6 18. Bd3 Qh4 19. h3 Rd8 20. a3 Ra5 21.
b4 Rad5 22. Be2 c5 23. bxc5 bxc5 24. Rb1 Nc6 25. Bf3 R5d6 26. Qxc5 Nxd4 27.
exd4 Bxd4 28. Qc2 Re6+ 29. Kf1 Bxf2 30. Qxf2 Qc4+ 31. Qe2 Rd1+ 32. Kf2 Rxe2+
33. Bxe2 Qc5+ 34. Be3 Qf5+ 35. Kg3 Rxb1 36. Rxb1 Qxb1 37. Kf2 Qc2 38. g4 e5 39.
Kf3 f5 0-1

[Event "34. Kieler Open 2022"]
[Site "Kiel"]
[Date "2022.07.30"]
[Round "1.25"]
[White "Ruhland, Cliff"]
[Black "Diederichs, Karl"]
[Result "1-0"]
[WhiteElo "1997"]
[BlackElo "1528"]
[PlyCount "77"]
[EventDate "2022.??.??"]

1. e4 e6 2. d4 d5 3. e5 c5 4. c3 cxd4 5. cxd4 Nc6 6. Nf3 Qb6 7. Nc3 Bd7 8. Na4
Bb4+ 9. Bd2 Qa5 10. Nc3 Nge7 11. a3 Bxc3 12. Bxc3 Qb6 13. b4 a6 14. Bd3 Rc8 15.
Qd2 Qc7 16. Bb2 b5 17. O-O Na7 18. Qg5 Ng6 19. h4 Rg8 20. h5 h6 21. Qg3 Nf8 22.
Nd2 Ra8 23. f4 g6 24. hxg6 Nxg6 25. Qh3 Qd8 26. Qxh6 Qh4 27. Qxh4 Nxh4 28. Rf2
Ke7 29. Nf3 Rg3 30. Be2 Nf5 31. Bd3 Ne3 32. Ne1 Rag8 33. Bc1 Ng4 34. Rf3 Nh6
35. Rxg3 Rxg3 36. Kf2 Rg4 37. Kf3 Nc8 38. f5 Rh4 39. Bg5+ 1-0

[Event "34. Kieler Open 2022"]
[Site "Kiel"]
[Date "2022.07.30"]
[Round "1.26"]
[White "Malinowsky, Lars"]
[Black "Dittrich, Gunnar"]
[Result "0-1"]
[WhiteElo "1525"]
[BlackElo "1994"]
[PlyCount "62"]
[EventDate "2022.??.??"]

1. e4 d5 2. exd5 Qxd5 3. Nc3 Qa5 4. Nf3 Nf6 5. Be2 c6 6. d3 Bf5 7. Bd2 Qc7 8.
Nd4 Bg6 9. Bf3 Nbd7 10. Qe2 O-O-O 11. O-O e6 12. g3 Ne5 13. Nb3 Nxf3+ 14. Qxf3
Bd6 15. Rfe1 h5 16. Bg5 h4 17. Bxh4 Rxh4 18. gxh4 Bxh2+ 19. Kg2 Rh8 20. Qh3 Bf4
21. Rh1 Bf5 22. Qf3 Bg4 23. Qh3 Bxh3+ 24. Rxh3 g5 25. hxg5 Rxh3 26. Kxh3 Bxg5
27. Rg1 Qf4 28. Kg2 Bh4 29. Nd1 Ng4 30. Kf1 Nxf2 31. Rg8+ Kc7 0-1

[Event "34. Kieler Open 2022"]
[Site "Kiel"]
[Date "2022.07.30"]
[Round "1.27"]
[White "Basey, Matthew"]
[Black "Malinowsky, Celina"]
[Result "1-0"]
[WhiteElo "1991"]
[BlackElo "1519"]
[PlyCount "101"]
[EventDate "2022.??.??"]

1. e4 e5 2. Nf3 Nc6 3. Bc4 Bc5 4. c3 Nf6 5. d3 a6 6. Bb3 d6 7. Nbd2 O-O 8. O-O
Re8 9. Re1 Ng4 10. Re2 Qf6 11. Nf1 Qg6 12. Ng3 h5 13. d4 Ba7 14. Bc2 Qh7 15. h3
Nf6 16. dxe5 Nxe5 17. Nxe5 Rxe5 18. Bf4 Qg6 19. Bxe5 dxe5 20. Nf5 Bxf5 21. exf5
Qg3 22. Qd3 Qxd3 23. Bxd3 Rd8 24. Bc2 e4 25. Kh2 Kf8 26. Rae1 h4 27. g3 hxg3+
28. Kxg3 Rd6 29. Bxe4 Nh5+ 30. Kg4 Nf6+ 31. Kf3 Nxe4 32. Rxe4 g6 33. fxg6 Rxg6
34. R1e2 Rh6 35. h4 Bc5 36. Re8+ Kg7 37. Kg4 Rg6+ 38. Kh3 Rf6 39. Kg2 Rg6+ 40.
Kf1 Rh6 41. R8e4 Bd6 42. Rg4+ Kf8 43. Kg2 Rh5 44. Kh3 Rd5 45. Rd4 Rf5 46. Kg4
Rf6 47. h5 Kg7 48. f4 b6 49. f5 Kh6 50. Re8 Kg7 51. Kg5 1-0

[Event "34. Kieler Open 2022"]
[Site "Kiel"]
[Date "2022.07.30"]
[Round "1.28"]
[White "Schacht, David"]
[Black "Fuhrmann, Bahne"]
[Result "0-1"]
[WhiteElo "1517"]
[BlackElo "1973"]
[Annotator "HJ"]
[PlyCount "50"]
[EventDate "2022.??.??"]

1. e4 c5 2. Nc3 a6 3. f4 b5 4. Nf3 Bb7 5. d3 g6 6. Be2 Bg7 7. O-O e6 8. Qe1 Ne7
9. Qh4 d5 10. f5 exf5 11. Bh6 Bxh6 12. Qxh6 Qb6 13. Ng5 {(=)} Qf6 14. Nxh7 Qd4+
15. Kh1 Nd7 16. exd5 Nf8 17. Rae1 Rxh7 18. Qg5 Qe5 19. Qf4 Qxf4 20. Rxf4 O-O-O
21. b4 Nxd5 22. Nxd5 Bxd5 23. bxc5 Ne6 24. Rf2 Rdh8 25. h3 Rxh3+ 0-1

[Event "34. Kieler Open 2022"]
[Site "Kiel"]
[Date "2022.07.30"]
[Round "1.29"]
[White "Helms, Finn"]
[Black "Gade, Niels Severin"]
[Result "1-0"]
[WhiteElo "1973"]
[BlackElo "1505"]
[PlyCount "65"]
[EventDate "2022.??.??"]

1. e4 c5 2. Nf3 d6 3. d4 cxd4 4. Nxd4 Nf6 5. Nc3 a6 6. f3 e5 7. Nb3 Be7 8. Be3
Be6 9. Qd2 d5 10. exd5 Nxd5 11. Nxd5 Qxd5 12. Qxd5 Bxd5 13. O-O-O Bxb3 14. axb3
O-O 15. Bc4 b5 16. Bd5 Nc6 17. Bxc6 Rab8 18. Rd7 Bd8 19. Rhd1 h6 20. Bc5 Bg5+
21. Kb1 Rfe8 22. Ba7 Rbc8 23. Bb7 Rcd8 24. Rxd8 Bxd8 25. Bc6 Re6 26. Rxd8+ Kh7
27. Be4+ g6 28. Bd5 Re7 29. Bc5 Rc7 30. Bd6 Ra7 31. Bxe5 g5 32. Be4+ f5 33.
Bxf5# 1-0

[Event "34. Kieler Open 2022"]
[Site "Kiel"]
[Date "2022.07.30"]
[Round "1.30"]
[White "Roselius, Philipp"]
[Black "Nahnsen, Kenneth"]
[Result "0-1"]
[WhiteElo "1504"]
[BlackElo "1972"]
[PlyCount "40"]
[EventDate "2022.??.??"]

1. d4 d5 2. Nf3 Nf6 3. e3 e6 4. Bd3 Be7 5. Nbd2 O-O 6. O-O b6 7. b3 Bb7 8. Bb2
c5 9. Ne5 Ne4 10. f3 Nxd2 11. Qxd2 f6 12. Ng4 Nc6 13. a3 Rc8 14. Rae1 Qc7 15.
f4 f5 16. Ne5 Nxe5 17. fxe5 c4 18. Bxf5 exf5 19. Qe2 cxb3 20. Qd3 Qxc2 0-1

[Event "34. Kieler Open 2022"]
[Site "Kiel"]
[Date "2022.07.30"]
[Round "1.31"]
[White "Lippmann, Kai"]
[Black "Salewski, Niko"]
[Result "1-0"]
[WhiteElo "1952"]
[BlackElo "1496"]
[PlyCount "127"]
[EventDate "2022.??.??"]

1. c4 e5 2. Nc3 Nf6 3. g3 Bb4 4. Bg2 Bxc3 5. bxc3 O-O 6. e3 d6 7. Ne2 c6 8. d3
Nbd7 9. O-O Re8 10. e4 Nc5 11. a4 Qa5 12. Qc2 Bg4 13. f3 Be6 14. Be3 d5 15. d4
Ncd7 16. c5 b6 17. cxb6 axb6 18. h3 dxe4 19. fxe4 Bc4 20. Rfe1 b5 21. g4 bxa4
22. Ng3 Nf8 23. Nf5 Bb3 24. Qd2 Ng6 25. Bg5 Nd7 26. Qd3 f6 27. Be3 Nb6 28. Nd6
Re6 29. Nb7 Bc4 30. Qc2 Qb5 31. Nc5 Rd6 32. Reb1 Bb3 33. Nxb3 axb3 34. Rxa8+
Nxa8 35. Rxb3 Qa5 36. Rb8+ Rd8 37. Qb3+ Kh8 38. Qb7 exd4 39. cxd4 h6 40. Rxd8+
Qxd8 41. Qxc6 Qa5 42. Bf2 Nc7 43. d5 Ne5 44. Qc5 Qxc5 45. Bxc5 Kg8 46. Bf1 Kf7
47. Kf2 g6 48. Ke3 g5 49. Be2 Ke8 50. Kd4 Ng6 51. Bb6 Kd7 52. Kc5 Nf4 53. Bf1
Ne8 54. Kd4 Nd6 55. Bc5 Nf7 56. Bf8 Ng6 57. Bb4 Nfe5 58. Bb5+ Kd8 59. Kc5 Nf4
60. Ba5+ Ke7 61. Bf1 Ned3+ 62. Kc6 Ne5+ 63. Kc7 Nd7 64. Bb4+ 1-0